00937nam a2200265Ia 4500001000600000003000900006008004100015040001300056040001300069041001300082100002100095100002900116245002900145245004200174250001100216260001100227260001500238260004900253300005900302500021300361650002200574650003100596700001500627700002900642A8124IT-RoPAU130308s9999 xx 000 0 und d aIT-RoPAU cIT-RoPAU aITALIANO aGrolla Valentino gCodice Aut. SPICS: 35009 aConsiderazioni pastorali bGiorno del signore nel Triveneto (Il) a1a ed. aPADOVA bMessaggero c1990 [1° Ed.:1990 - Ed.Ling.Originale:1990] a"17 p. (prefazione: no ; testo: 17 [pagine: 123-139])" aParrocchia è Ancora una Forma Valida di Comunità Cristiana. Centralità delle Assemblee Eucaristiche Domenicali. Problemi e Situazioni Nuove. Pluralismo. superamento del Precettismo. Qualche Prospettiva. aSAGGI DI LITURGIA eCodice materia Spics: 9160 aPerin Gino gCodice Aut. SPICS: 36381